Statystyki dla Państwa niepokonane od 1850 roku

Kliknij tutaj aby rozwiązać quiz!

Ogólne statystyki

  • Ten quiz został rozwiązany 5 843 razy
  • Średni wynik to 14 z 26

Statystyki odpowiedzi

OdKraj% Poprawnych
1781Stany Zjednoczone
93%
1480Rosja
92%
1066Wielka Brytania
88%
1814Hiszpania
77%
1822Brazylia
74%
1523Szwecja
72%
1808Portugalia
70%
1816Argentyna
68%
1243Turcja
64%
1815Szwajcaria
62%
1818Chile
61%
1819Kolumbia
60%
1839Peru
56%
1830Wenezuela
56%
1828Urugwaj
53%
1825Boliwia
52%
1830Ekwador
46%
1243San Marino
37%
1815Liechtenstein
36%
1813Andora
34%
1847Liberia
24%
1838Kostaryka
23%
1838Gwatemala
21%
1768Nepal
19%
1634Bhutan
15%
1743Oman
15%

Rozkład punktacji

Percentyl według liczby udzielonych odpowiedzi

Procent ludzi z każdym wynikiem

Twoja historia wyników

Nie rozwiązałeś tego quizu